| 000 | 00000nam##2200000za#4500 |
| 001 | 9.619256 |
| 003 | CaOODSP |
| 005 | 20210615103343 |
| 007 | ta |
| 008 | 150406|2008||||xxc||||| f|0| 0 eng|d |
| 022 | |a0706-6473 |
| 040 | |aCaOODSP|beng |
| 043 | |an-cn--- |
| 086 | 1 |aFs97-4/2858E |
| 110 | 1 |aCanada. |bDepartment of Fisheries and Oceans. |
| 245 | 10|aWest Coast Queen Charlotte Islands groundfish bottom trawl survey, August 25th to September 21st, 2008 / |c[By] N. Olsen, K.L. Rutherford, and R.D. Stanley. |
| 260 | |aNanaimo - British Columbia : |bFisheries and Oceans Canada |c2008. |
| 300 | |avii, 50p. : |bfigs., graphs, maps, references, tables, photographs ; |c28 cm. |
| 490 | 1 |aCanadian manuscript report of fisheries and aquatic sciences|x0706-6473|vNo. 2858 |
| 500 | |aIncorrect catalogue number (97-4/2858E) printed in this publication. "Fisheries and Oceans Canada, Science Branch, Pacific Region, Pacific Biological Station, Nanaimo, BC, V9T 6N7". |
| 546 | |a(Résumé en français) |
| 563 | |aSoftcover |
| 590 | |a09-11|b2009-03-13 |
| 720 | 1 |aRutherford, K. L. |
| 720 | 1 |aOlsen, N. |
| 720 | 1 |aStanley, R. D. |
| 776 | 0#|tWest Coast Queen Charlotte Islands groundfish bottom trawl survey, August 25th to September 21st, 2008 / |w(CaOODSP)9.580154 |
| 830 | #0|aCanadian manuscript report of fisheries and aquatic sciences,|x0706-6473|vNo. 2858|w(CaOODSP)9.514688 |